Personnages Mario - Statistiques

Statistiques générales
  • Ce quiz a été pris 56 fois
    51 depuis la dernière actualisation
  • Le résultat moyen est 27 sur 164
Statistiques - réponses
Personnages % Correct
Mario
100%
Luigi
98%
Peach
96%
Wario
94%
Yoshi
94%
Bowser
91%
Donkey Kong
91%
Waluigi
89%
Daisy
87%
Toad
85%
Bébé Peach
77%
Bébé Luigi
74%
Bébé Mario
74%
Harmonie
72%
Bébé Daisy
68%
Diddy Kong
68%
Koopa
68%
Boo
64%
Bowser Jr
60%
Toadette
60%
Bébé Harmonie
53%
Roi Boo
49%
Bébé Wario
47%
Goomba
47%
Birdo
45%
Bébé Bowser
40%
Bébé Yoshi
36%
Skelerex
32%
Kamek
30%
Pauline
30%
Lakitu
28%
Larry
28%
Funky Kong
26%
Maskass
26%
Bob-omb
21%
Ludwig
21%
Donkey Kong Jr
21%
Cappy
19%
Cheep Cheep
19%
Iggy
19%
Luma
19%
Wiggler
19%
Bébé Donkey Kong
17%
Cranky Kong
17%
Dixie Kong
17%
Morton
17%
Paratroopa
17%
Wendy
17%
Lemmy
15%
Papy Champi
15%
Plante Piranha
15%
Roy
15%
Spike
15%
Whomp
15%
Carottin
13%
Flora Piranha
11%
Heriss
11%
Reine des Abeilles
11%
Roi bob-omb
11%
Bloups
9%
Capitaine Toad
9%
Karl Tastroff
9%
Kat
9%
Paragoomba
9%
Thwomp
9%
Topi Taupe
9%
Ashley
6%
Bill Balle
6%
Boum Boum
6%
J.E.T
6%
Lubba
6%
Pingouin
6%
Bob-omb rose
4%
Candy Kong
4%
Chain Chomp
4%
Poum Poum
4%
Geno
4%
Hariet
4%
King K Rool
4%
Ossec
4%
Paracoccinelly
4%
Pianta
4%
Pokey
4%
Bill Bourrin
2%
Bill Dozer
2%
Boshi
2%
Bruyinsecte
2%
Carmina
2%
Cheep Chomp
2%
Cumulia
2%
Goomélie
2%
Koopek
2%
Kylie Koopa
2%
Madame Broode
2%
Méga Bloups
2%
Ninji
2%
Penny
2%
Plessie
2%
Poochy
2%
PtiYoshi
2%
Rango
2%
Spewart
2%
Swooper
2%
Tiara
2%
Tiny Kong
2%
Topper
2%
Vache
2%
Voyou
2%
Xhampi
2%
13-Amp
0%
18-Volt
0%
4.1
0%
4.2
0%
5-Volt
0%
9-Volt
0%
Ana
0%
Bandit
0%
Bébé Cheep Cheep
0%
Bomp
0%
Bondiss
0%
Capitaine Syrup
0%
Chunky Kong
0%
Ambre Brusquade
0%
Chocosta
0%
Spitz
0%
Dr Crygor
0%
Dribble
0%
Ectochat
0%
Ectochien
0%
Erein
0%
Escargot
0%
Fleur cancan
0%
Frères Forgerons
0%
Frères Martos
0%
Frères Sumos
0%
Galoomba
0%
Garro
0%
Goomba Squelette
0%
Goombette
0%
Goomboss
0%
Goomin
0%
Harley Gueuler
0%
Jimmy T
0%
Kammy Koopa
0%
Kiddy Kong
0%
Koopa Géant
0%
Lapins Stellaire
0%
Lulu
0%
Martin Tamarre
0%
Master Mantis
0%
Mike
0%
Mona
0%
Orbulon
0%
Perry
0%
Poplin
0%
Prince Florian
0%
Princesse Xhampi
0%
Professeur Goomstein
0%
Pyoro
0%
Red
0%
Swanky Kong
0%
Viviane
0%
Wrinkly Kong
0%
Young Cricket
0%
Aucun quiz correspondant
Distribution des résultats
% des personnes avec chaque résultat
Percentile par nombre de réponses
Votre historique - résultats
Vous n’avez pas pris ce quiz depuis la dernière actualisation